000 01236cam a2200289 i 4500
003 SA-RiAUC
005 20241230071905.0
008 241229s1981 sy g 000 0 ara c
040 _aSA-MuMU
_bara
_cSA-RiAUC
_erda
082 0 4 _a189.1
090 _a189.1
_bم ي د
100 1 _aالميداني، عبد الرحمن حسن حبنكة،
_d1927-2004
_eمؤلف.
245 1 0 _aضوابط المعرفة وأصول الاستدلال والمناظرة :
_bصياغة للمنطق وأصول البحث متمشية مع الفكر الإسلامي /
_cتأليف عبد الرحمن حسن حبنكة الميداني.
250 _aالطبعة الثانية.
264 1 _aدمشق :
_bدار القلم،
_c1981
300 _a479 صفحة
336 _aنص
_btxt
_2rdacontent
_3كتاب
337 _aبدون وسيط
_bn
_2rdamedia
338 _aمجلد
_bnc
_2rdacarrier
500 _aاهداء من المؤلف بتاريخ 27 شو ال 1403
650 7 _aالمنطق الإسلامي
_2aucsh
650 7 _aالاستدلال
_2aucsh
650 7 _aالمنطق الاستقرائي
_2aucsh
650 7 _aالفلسفة الإسلامية
_2aucsh
942 _2ddc
_cBOOK
_n0
949 _aSA-JeALM
_d241229
_uosman123
_n1
999 _c4081
_d4081